| 000 | 01135njm a22002417a 4500 | ||
|---|---|---|---|
| 005 | 20100903140717.0 | ||
| 007 | sd ammalaaahaa | ||
| 008 | 100901t xxu||||| |||| 00| 0 hin d | ||
| 028 |
_aN.51560 _bHis Master's Voice |
||
| 028 |
_aOJE. 7500 _bHis Master's Voice |
||
| 035 | _aGR-00409 | ||
| 040 | _aSED/VEN | ||
| 100 | _917815 | ||
| 245 |
_aHindustani / _cmusician by Vasant Desai _h[sound recording] : _bInstumental |
||
| 246 | _aहिन्दुस्तानी | ||
| 260 |
_aDum Dum, India _bHis Master's Voice _cn.d. |
||
| 300 |
_a1 sound disc : _banalog, 33 1/3 rpm _c10 in. |
||
| 500 | G | _aBrief record | |
| 505 | _aTabla ghungroo-jugal bandi jhanak jhanak payal baje (तबला घुंघरू -जुगल बंदी झनक झनक पायल बाजे ) पार्ट १,Nritya gat-jhanak jhanak payal baaje (नृत्य गत -झनक झनक पायल बाजे) पार्ट २ | ||
| 650 |
_aClassical music _xExcerpts _zIndia _917813 |
||
| 942 |
_2ddc _cGR |
||
| 999 |
_c43585 _d43585 |
||